Statistics for players with the most goals in national team

Click here to take the quiz!

General Stats

  • This quiz has been taken 39 times
  • The average score is 7 of 10

Answer Stats

countryfootballer% Correct
polandlewandowski
97%
germanymueller
89%
swedenibra
87%
portugalcristiano R
82%
hungarypuskas
79%
bosniadzeko
66%
germanyklose
66%
belgiumlukaku
66%
irelandkeane
58%
hungarykocsis
8%

Score Distribution

Percentile by Number Answered

Percent of People with Each Score

Your Score History

You have not taken this quiz